[Event "Pardubice rapid op 35th"]
[Site "Pardubice"]
[Date "2024.07.18"]
[Round "9"]
[White "Alexikov, Alexander"]
[Black "Mojzis, Jaroslav"]
[Result "1/2-1/2"]
[WhiteElo "2183"]
[BlackElo "2052"]
[PlyCount "84"]
[EventDate "2024.07.17"]
[EventType "swiss (rapid)"]
[EventRounds "9"]
[EventCountry "CZE"]
[SourceTitle "CBM 221 Extra"]
[Source "ChessBase"]
[SourceDate "2024.09.30"]
[SourceVersion "1"]
[SourceVersionDate "2024.09.30"]
[SourceQuality "1"]

1. e4 e5 2. Nf3 Nc6 3. c3 d5 4. Qa4 Nf6 5. Nxe5 Bd6 6. Nxc6 bxc6 7. d3 0-0 8. Nd2 Re8 9. Be2 Qe7 10. 0-0 c5 11. f4 c4 12. e5 cxd3 13. Bxd3 Bc5+ 14. Kh1 Ng4 15. Nf3 Nf2+ 16. Rxf2 Bxf2 17. Qc2 Bb6 18. Bxh7+ Kh8 19. Bd3 Bg4 20. Be2 g6 21. Bd2 Kg7 22. Be1 Rh8 23. Bg3 Rad8 24. Nd4 Bxe2 25. Qxe2 Bxd4 26. cxd4 c5 27. Rf1 Qe6 28. f5 gxf5 29. dxc5 d4 30. Qd3 Rh5 31. a3 a5 32. b4 axb4 33. axb4 Qd5 34. Rxf5 Rxf5 35. Qxf5 d3 36. Bh4 d2 37. Qg5+ Kf8 38. Qe7+ Kg7 39. Qg5+ Kf8 40. Qf5 Kg7 41. Bf6+ Kf8 42. h3 d1Q+ 1/2-1/2

[Event "Zhitomir Sachuk Memorial op"]
[Site "Zhitomir"]
[Date "2024.05.19"]
[Round "11"]
[White "Zhukovskyi, Myhaylo"]
[Black "Alexikov, Alexander"]
[Result "0-1"]
[WhiteElo "1872"]
[BlackElo "2183"]
[PlyCount "208"]
[EventDate "2024.05.19"]
[EventType "swiss (blitz)"]
[EventRounds "11"]
[EventCountry "UKR"]
[SourceTitle "CBM 220 Extra"]
[Source "ChessBase"]
[SourceDate "2024.07.31"]
[SourceVersion "1"]
[SourceVersionDate "2024.07.31"]
[SourceQuality "1"]

1. Nf3 Nf6 2. g3 g6 3. Bg2 Bg7 4. 0-0 0-0 5. d4 d6 6. c4 c6 7. Nc3 Qa5 8. Qc2 e5 9. dxe5 dxe5 10. Bd2 Qc7 11. Bg5 Bf5 12. e4 Be6 13. b3 Na6 14. Rad1 h6 15. Be3 Ng4 16. Bc1 Kh7 17. h3 Nf6 18. Ba3 Rfd8 19. Rxd8 Rxd8 20. Rd1 Rxd1+ 21. Qxd1 Ne8 22. Qd2 f6 23. Na4 b6 24. Nc3 h5 25. Nh4 Bh6 26. Qd3 Kg7 27. Ne2 Kf7 28. Nc3 Qd7 29. Qxd7+ Bxd7 30. Nf3 Bf8 31. Bxf8 Kxf8 32. Kf1 Ke7 33. Ke2 Nec7 34. Ne1 Be6 35. Nd3 g5 36. Ke3 Bf7 37. f4 Kd6 38. fxe5+ fxe5 39. Ne1 Ne6 40. Nf3 Nb4 41. Bf1 Nc2+ 42. Kd2 Ncd4 43. Bg2 h4 44. gxh4 Nxf3+ 45. Bxf3 gxh4 46. Ke3 Nd4 47. Bg4 a6 48. Ne2 Nxe2 49. Kxe2 b5 50. cxb5 axb5 51. Kd3 Kc5 52. Kc3 Kd6 53. a3 Kc5 54. b4+ Kd6 55. Kd3 c5 56. bxc5+ Kxc5 57. Kc3 Bc4 58. Bd7 Bf1 59. Be6 Bg2 60. Bf5 Bf3 61. Kd3 Bh5 62. Kc3 Bf7 63. Kd3 Bg8 64. Kc3 Bc4 65. Bg4 Bf1 66. Bf5 Be2 67. Kd2 Bf3 68. Ke3 Bh5 69. Kd3 Bf7 70. Kc3 Bc4 71. Bg4 Bf1 72. Bf5 Bg2 73. Kd3 Bf1+ 74. Kc3 Bg2 75. Kd3 Bf3 76. Ke3 Bd1 77. Kd3 Bb3 78. Kc3 Bc4 79. Bg4 Bf1 80. Bf5 Bg2 81. Kd3 Bf3 82. Ke3 Bh5 83. Kd3 Be8 84. Kc3 Bc6 85. Kd3 Kb6 86. Kc3 Ka5 87. Kb3 Be8 88. Be6 Bc6 89. Bf5 Bb7 90. Bg6 Bc6 91. Bf5 Be8 92. Be6 Bg6 93. Bd5 Bh5 94. Be6 Bd1+ 95. Kc3 Ka4 96. Kb2 Be2 97. Bb3+ Ka5 98. Kc3 Bf3 99. Kd3 Bg2 100. Be6 Ka4 101. Bd7 Kxa3 102. Bxb5 Bf1+ 103. Ke3 Bxb5 104. Kf3 Bd7 0-1

[Event "Titled Tuesday intern op 10th Oct Early"]
[Site "Chess.com INT"]
[Date "2023.10.10"]
[Round "9"]
[White "Alexikov, Alexander"]
[Black "McBryde, Lamel"]
[Result "1-0"]
[WhiteElo "2209"]
[BlackElo "1793"]
[PlyCount "109"]
[EventDate "2023.10.10"]
[EventType "swiss (blitz)"]
[EventRounds "11"]
[EventCountry "USA"]
[SourceTitle "EXT 2025"]
[Source "ChessBase"]
[SourceDate "2024.10.14"]
[SourceVersion "1"]
[SourceVersionDate "2024.10.14"]
[SourceQuality "1"]

1. e4 Nf6 2. e5 Nd5 3. d4 Nb6 4. Nf3 d5 5. h3 Bf5 6. Nh4 Be4 7. Nc3 e6 8. Nxe4 dxe4 9. g3 c5 10. Bg2 Nc6 11. Bxe4 cxd4 12. f4 Bb4+ 13. Kf2 Bc5 14. Kg2 Qd7 15. a3 a5 16. Nf3 f6 17. exf6 gxf6 18. Ne1 0-0-0 19. Nd3 Be7 20. b4 Nd5 21. Bd2 h5 22. b5 Nb8 23. Qe1 Rdg8 24. Kh2 f5 25. Bxd5 Qxd5 26. Qe5 Qd7 27. Rhe1 Rh6 28. Nc5 Bxc5 29. Qxc5+ Kd8 30. Bxa5+ Ke8 31. Qxf5 Rhg6 32. Qxh5 Kf7 33. Rg1 Qd6 34. Bb4 Qb6 35. Raf1 Nd7 36. f5 exf5 37. Rxf5+ Ke8 38. Re1+ Kd8 39. Qh4+ Kc8 40. Rf3 Qc7 41. Qf4 Qxc2+ 42. Rf2 Qc7 43. Qxc7+ Kxc7 44. g4 b6 45. Kg3 Nc5 46. Re5 Kd6 47. Rh5 Kd7 48. Rf4 Ne6 49. Re4 Rc8 50. Rd5+ Ke8 51. Rd6 Kf7 52. h4 Rc2 53. g5 Rf6 54. gxf6 Nf8 55. Rg4 1-0

[Event "Titled Tuesday intern op 10th Oct Late"]
[Site "Chess.com INT"]
[Date "2023.10.10"]
[Round "6"]
[White "Halak, Miklos"]
[Black "Alexikov, Alexander"]
[Result "0-1"]
[WhiteElo "2235"]
[BlackElo "2209"]
[PlyCount "96"]
[EventDate "2023.10.10"]
[EventType "swiss (blitz)"]
[EventRounds "11"]
[EventCountry "USA"]
[SourceTitle "EXT 2025"]
[Source "ChessBase"]
[SourceDate "2024.10.14"]
[SourceVersion "1"]
[SourceVersionDate "2024.10.14"]
[SourceQuality "1"]

1. d4 Nf6 2. Nf3 g6 3. Nc3 Bg7 4. e4 d6 5. Be2 0-0 6. 0-0 c6 7. a4 a5 8. h3 Nbd7 9. e5 Ne8 10. Bf4 Qc7 11. exd6 Nxd6 12. d5 c5 13. Nb5 Qb6 14. Bxd6 exd6 15. c3 Ne5 16. Nd2 f5 17. f4 Nf7 18. Nc4 Qd8 19. Bf3 Re8 20. Qd2 b6 21. Rae1 Rxe1 22. Rxe1 Ba6 23. Re6 Bxb5 24. axb5 Bf8 25. Qe2 Rb8 26. Ne3 a4 27. Qc4 Ra8 28. Qa2 Qd7 29. Be2 Nd8 30. Bc4 Kg7 31. b3 a3 32. g4 fxg4 33. hxg4 Nxe6 34. dxe6 Qe7 35. Bd5 Ra5 36. c4 Qh4 37. Qa1+ Qf6 38. Nc2 a2 39. g5 Qxa1+ 40. Nxa1 h6 41. Kf2 hxg5 42. fxg5 Be7 43. Kf3 Bxg5 44. Kg4 Bf6 45. Kf3 Kf8 46. Nc2 Ke7 47. Ke4 a1Q 48. Nxa1 Rxa1 0-1

[Event "Titled Tuesday intern op 10th Oct Late"]
[Site "Chess.com INT"]
[Date "2023.10.10"]
[Round "3"]
[White "Manukyan, Artyom"]
[Black "Alexikov, Alexander"]
[Result "1-0"]
[WhiteElo "2155"]
[BlackElo "2209"]
[PlyCount "97"]
[EventDate "2023.10.10"]
[EventType "swiss (blitz)"]
[EventRounds "11"]
[EventCountry "USA"]
[SourceTitle "EXT 2025"]
[Source "ChessBase"]
[SourceDate "2024.10.14"]
[SourceVersion "1"]
[SourceVersionDate "2024.10.14"]
[SourceQuality "1"]

1. e4 c5 2. Nc3 Nc6 3. Bb5 g6 4. Bxc6 dxc6 5. d3 Bg7 6. f4 e5 7. Nf3 exf4 8. 0-0 g5 9. g3 g4 10. Bxf4 gxf3 11. Qxf3 Be6 12. e5 Qd4+ 13. Kg2 Qxc3 14. bxc3 Bd5 15. c4 Bxf3+ 16. Kxf3 Ne7 17. Ke4 Ng6 18. Rab1 b6 19. a4 0-0-0 20. a5 Rd4+ 21. Ke3 Kb7 22. axb6 axb6 23. c3 Rdd8 24. d4 cxd4+ 25. cxd4 Rhe8 26. Ke4 f6 27. Be3 fxe5 28. d5 cxd5+ 29. cxd5 Rd6 30. Bc5 Bf8 31. Rxf8 Nxf8 32. Bxd6 Nd7 33. Rf1 Rc8 34. Rf7 Rc4+ 35. Ke3 Kc8 36. Rxh7 Rd4 37. Rh8+ Kb7 38. Rh7 Kc8 39. Bxe5 Rxd5 40. Bd4 b5 41. Ke4 Rd6 42. Rh5 b4 43. Rb5 Rh6 44. h4 Rg6 45. Kf4 Nb8 46. h5 Ra6 47. Rxb4 Nc6 48. Rc4 Kd7 49. g4 1-0

[Event "Titled Tuesday intern op 10th Oct Early"]
[Site "Chess.com INT"]
[Date "2023.10.10"]
[Round "2"]
[White "Vedder, Richard"]
[Black "Alexikov, Alexander"]
[Result "1-0"]
[WhiteElo "2262"]
[BlackElo "2209"]
[PlyCount "81"]
[EventDate "2023.10.10"]
[EventType "swiss (blitz)"]
[EventRounds "11"]
[EventCountry "USA"]
[SourceTitle "EXT 2025"]
[Source "ChessBase"]
[SourceDate "2024.10.14"]
[SourceVersion "1"]
[SourceVersionDate "2024.10.14"]
[SourceQuality "1"]

1. d4 Nf6 2. c4 g6 3. h4 Bg7 4. Nc3 d6 5. e4 e5 6. d5 c5 7. Be2 h5 8. Bg5 a6 9. a4 b6 10. Nf3 Nbd7 11. 0-0 Qc7 12. Ne1 Nh7 13. Be3 Qd8 14. g3 0-0 15. Nd3 Qe7 16. Qd2 Ndf6 17. b4 Ng4 18. Bxg4 hxg4 19. a5 cxb4 20. Nxb4 bxa5 21. Nc6 Qf6 22. Rxa5 Kh8 23. c5 Rg8 24. cxd6 Bf8 25. Nxe5 Bg7 26. Bd4 Rf8 27. Nc6 Qf3 28. Bxg7+ Kxg7 29. Qe3 Qxe3 30. fxe3 f6 31. e5 fxe5 32. Rxf8 Nxf8 33. Nxe5 Bb7 34. e4 Rd8 35. Nxg4 Rxd6 36. e5 Rd8 37. e6 Nh7 38. e7 Re8 39. d6 Bc8 40. Ne5 Kf6 41. Ne4+ 1-0

[Event "Titled Tuesday intern op 03rd Oct Early"]
[Site "Chess.com INT"]
[Date "2023.10.03"]
[Round "1"]
[White "Alexikov, Alexander"]
[Black "Leyva Proenza, Ricardo"]
[Result "0-1"]
[WhiteElo "2209"]
[BlackElo "2333"]
[PlyCount "94"]
[EventDate "2023.10.03"]
[EventType "swiss (blitz)"]
[EventRounds "11"]
[EventCountry "USA"]
[SourceTitle "EXT 2025"]
[Source "ChessBase"]
[SourceDate "2024.10.14"]
[SourceVersion "1"]
[SourceVersionDate "2024.10.14"]
[SourceQuality "1"]

1. e4 e5 2. Nf3 Nc6 3. c3 Nf6 4. d4 d6 5. Bb5 Bd7 6. 0-0 Be7 7. Re1 0-0 8. Ba4 h6 9. Nbd2 Re8 10. a3 Bf8 11. h3 a6 12. Bc2 g6 13. Nf1 Bg7 14. dxe5 Nxe5 15. Nxe5 dxe5 16. Ng3 Qe7 17. Be3 Red8 18. Qc1 Kh7 19. b4 Be6 20. Qb2 Rd7 21. Rad1 Rad8 22. Rxd7 Rxd7 23. Bb3 Bxb3 24. Qxb3 h5 25. Bg5 Bh6 26. Bxh6 Kxh6 27. Qc2 h4 28. Nf1 Qd6 29. f3 Nh5 30. Ne3 Qd3 31. Qc1 Kg7 32. Rd1 Qb5 33. Rxd7 Qxd7 34. Qd1 Qe7 35. Nd5 Qg5 36. Nxc7 Nf4 37. Qc2 Nxh3+ 38. Kh1 Nf4 39. Nd5 h3 40. g4 Qh4 41. Nxf4 exf4 42. Qe2 Qg3 43. c4 Qh4 44. c5 Qf6 45. Kh2 Qc3 46. Kxh3 Qxa3 47. Qd2 Qa1 0-1

[Event "Titled Tuesday intern op 03rd Oct Late"]
[Site "Chess.com INT"]
[Date "2023.10.03"]
[Round "7"]
[White "Alexikov, Alexander"]
[Black "Ljukin, Sergei"]
[Result "0-1"]
[WhiteElo "2209"]
[BlackElo "2362"]
[PlyCount "48"]
[EventDate "2023.10.03"]
[EventType "swiss (blitz)"]
[EventRounds "11"]
[EventCountry "USA"]
[SourceTitle "EXT 2025"]
[Source "ChessBase"]
[SourceDate "2024.10.14"]
[SourceVersion "1"]
[SourceVersionDate "2024.10.14"]
[SourceQuality "1"]

1. e4 e6 2. d4 d5 3. Nc3 Bb4 4. Nge2 Nc6 5. Qd3 Nge7 6. e5 f6 7. exf6 gxf6 8. a3 Bd6 9. Nb5 e5 10. Nxd6+ Qxd6 11. dxe5 fxe5 12. Ng3 Be6 13. Be2 0-0-0 14. 0-0 Rdg8 15. c3 h5 16. Rd1 h4 17. Nf1 e4 18. Qc2 Ne5 19. Kh1 Bg4 20. Bf4 N7g6 21. Bxe5 Nxe5 22. Bxg4+ Nxg4 23. Rd2 Qf6 24. Re1 h3 0-1

[Event "Titled Tuesday intern op 03rd Oct Late"]
[Site "Chess.com INT"]
[Date "2023.10.03"]
[Round "2"]
[White "Grycel, Kamil"]
[Black "Alexikov, Alexander"]
[Result "1-0"]
[WhiteElo "2315"]
[BlackElo "2209"]
[PlyCount "83"]
[EventDate "2023.10.03"]
[EventType "swiss (blitz)"]
[EventRounds "11"]
[EventCountry "USA"]
[SourceTitle "EXT 2025"]
[Source "ChessBase"]
[SourceDate "2024.10.14"]
[SourceVersion "1"]
[SourceVersionDate "2024.10.14"]
[SourceQuality "1"]

1. d4 Nf6 2. Nf3 g6 3. Bf4 Bg7 4. e3 d6 5. h3 0-0 6. Be2 b6 7. 0-0 Bb7 8. c3 Nbd7 9. Nbd2 c5 10. a4 a6 11. Re1 Re8 12. Bh2 Qc7 13. Bd3 Rad8 14. Qe2 Qc8 15. e4 e5 16. d5 Qa8 17. Nc4 Qb8 18. b4 Rc8 19. Reb1 Qc7 20. Ne3 Ra8 21. Nd2 h5 22. Bg3 Bh6 23. Ndc4 Rf8 24. bxc5 bxc5 25. Rb3 Bc8 26. Rab1 Rb8 27. Bh4 Rxb3 28. Rxb3 Kh7 29. Qf3 Ng8 30. a5 Bg7 31. Nb6 Bb7 32. Nec4 Nxb6 33. Rxb6 Bc8 34. Nxd6 Bd7 35. Bxa6 Nh6 36. Be7 Rb8 37. Nc4 Ra8 38. d6 Qxb6 39. Nxb6 Rxa6 40. Nxd7 Rxa5 41. Nf6+ Kh8 42. d7 1-0